Minkä merkkinen/niminen tuote #1 - Statistics

Yleistilastot
  • Tätä visaa on pelattu 133 kertaa
  • Keskiarvotulos 16 / 33
Vastaustilastot
Kuvavisa Vastaus % Oikein
Saarioinen
89%
Piltti
88%
Pirkka
74%
Viilis
74%
Jacky
72%
Abba
71%
Heinz
71%
Jalostaja
70%
Felix
65%
Marli
65%
Ben&Jerrys
62%
Bonaqua
62%
Myllyn paras
62%
Bilar
59%
Knorr
57%
Hotrod
50%
Vaasan
50%
Meira
49%
Estrella
45%
Nesquik
41%
Keiju
39%
Fitness
37%
Apetit
35%
Ballerina
35%
Samarin
35%
Fami
32%
Jyväshyvä
28%
Oululainen
28%
Viennetta
26%
Delmonte
22%
Semper
19%
Calvo
14%
Tropic
14%
Ehtoja vastaavia visoja ei löytynyt
Tulosjakauma
Jokaisen tuloksen saaneiden osuus
Persentiili vastausten määrän mukaan
Tuloshistoriasi
Et ole pelannut tätä visaa